| 000 | 00666nam a2200205 u 4500 | ||
|---|---|---|---|
| 005 | 20220916063618.0 | ||
| 008 | 150220s2003 ea r 000 0 spa d | ||
| 020 | _a0439551196 | ||
| 035 | _aUPN01000201887 | ||
| 049 | _aI | ||
| 050 | 4 |
_aPZ10.3 _bK4.2 |
|
| 100 | 1 |
_aKetteman, Helen, _d1945- _938685 |
|
| 245 | 1 | 0 |
_aArmadillo, el chismoso / _cHelen Ketteman ; il. Keith Graves ; tr. Miriam Fabiancic. |
| 260 |
_aNew York, U.S.A.. : _bScholastic, _c2003. |
||
| 300 |
_a30 p. _bil. col. |
||
| 534 |
_pTítulo original : _tArmadillo tattletale |
||
| 650 | 0 |
_aAnimales _vCuentos y leyendas _9234 |
|
| 650 | 7 |
_aLibros ilustrados para niños _2 _921365 |
|
| 905 | _aInfantil | ||
| 999 |
_c173988 _d173988 |
||